| 000 | 00525 a2200181 4500 | ||
|---|---|---|---|
| 003 | OSt | ||
| 005 | 20240207162251.0 | ||
| 008 | 240207b |||||||| |||| 00| 0 eng d | ||
| 020 | _a97881963116969 | ||
| 040 | _coclc | ||
| 082 |
_a894.8128 _bASS/S |
||
| 100 |
_aAsshahi, Muhammed _910418 |
||
| 245 |
_aSanthoshathinu 30 Vazhikal / _c Muhammed Asshahi |
||
| 250 | _a1st ed. | ||
| 260 |
_aKozhikode: _bLIPI Publications _c2023. |
||
| 300 | _a80p. | ||
| 942 |
_2ddc _cBK _h894.8128 _iASS/S _k894.8128 _mASS/S |
||
| 999 |
_c44369 _d44369 |
||